El amigo piedra: autobiografía

Պահպանված է:
Մատենագիտական մանրամասներ
Հիմնական հեղինակ: Rokha, Pablo de (autor)
Ձևաչափ: Գիրք
Լեզու:իսպաներեն
Հրապարակվել է: Santiago Multitud 2011
Խորագրեր:
Ցուցիչներ: Ավելացրեք ցուցիչ
Չկան պիտակներ, Եղեք առաջինը, ով նշում է այս գրառումը!

MARC

LEADER 00000cam a2200000 a 4500
001 UCF2652
003 CL-VaPUC
008 120830e20110000CL |||||||||||||||||spa|d
020 |a 9789569059018 
082 0 4 |a 808.883  |b ROK  |2 21 
100 |a Rokha, Pablo de   |e autor  |9 506833 
245 1 3 |a El amigo piedra: autobiografía 
300 |a 222 p 
942 |c BK 
945 |d 20120830 00:00:00  |a dcastane 
260 |a Santiago  |b Multitud  |c 2011 
650 0 |a Autobiografías   |9 265171 
650 0 |a Poesías chilenas   |9 265280 
650 0 |a Literatura chilena   |9 308278 
583 |a last modification  |c 20120830 10:25:00  |k Rodrigo Vera 
999 |c 349193  |d 349191 
952 |0 0  |1 0  |4 0  |6 808_883000000000000_ROK_2011  |7 0  |8 A  |9 451685  |a BIBART  |b BIBART  |d 2019-11-22  |i 4897668  |l 1  |o 808.883 ROK 2011  |p 4897668  |r 2025-03-13  |s 2023-08-28  |w 2019-11-22  |y BK  |k ART 
952 |0 0  |1 0  |3 erb  |4 0  |6 808_883000000000000_ROK_2011  |7 0  |8 R  |9 451686  |a BIBEDU  |b BIBEDU  |c MCIRC  |i 5074541  |o 808.883 ROK 2011  |p 5074541  |r 2023-01-13  |w 2019-11-22  |y BK_R  |z Catalogado en:20140526  |k LIT